| 000 | 00419cam a22001097a 4500 | ||
|---|---|---|---|
| 008 | 180718b1959 xxu||||| |||| 00| 0 eng d | ||
| 082 | _aF51x5405 P884 | ||
| 245 | _aPolicy statement (adopted by the second national conference of the Praja Socialist Party held at Gaya, 26-30 December, 1955 | ||
| 260 |
_aNew Delhi _bPraja Socialist Party _c1959 |
||
| 300 | _a63p. | ||
| 650 | _aPolitical parties - India,Praja Socialist Party | ||
| 999 |
_c441213 _d441213 |
||